01437nam a2200289 a 4500001001000000005001700010008004100027041000800068044000700076084002000083100004500103245008900148260003300237300002900270500015900299500008300458500025100541500001000792546002500802650005200827650005600879650003400935650004500969700004101014700004201055740005001097BRCA_310420190320204120.0280109s1845----fr-a---###---#000-0dfre-u afre afr a409b.D83c18451 aCervantes Saavedra, Miguel ded1547-161610aL´Ingénieux Hidalgo Don Quichotte de la Manchecpar Miguel de Cervantes Saavedra. aParísbJ.J. Dubochetc1845 axvi, 888 p.bil.c27 cm. aContenido : Primera parte. Noticia sobre la vida y obra de Cervantes por L. Viardot. Prólogo del autor. Texto. Segunda parte. Prólogo del autor. Texto aEdición : Traduit et annoté par Louis Viardot. Vignettesn de Tony Johannot aReimpresión, en un solo volumen, de la edición publicada por los mismos editores, en 1836-37, figurando en el contexto las graciosas ilustraciones de Tony Johannot. Tela; lomo y planos decorados con motivos quijotiles dorados Lúdovik Osterc aQM334 aTexto en : francés14aNovela españolayÉpoca clásica, 1500-170014aLiteratura españolayÉpoca clásica, 1500-170014aNovela españolaySiglo XVII14aDon Quijote (Personaje ficticio)eNovela1 aViardot, Louisd1800-1883eTraductor1 aJohannot, Tonyd1803-1852eIlustrador0 aEl Ingenioso Hidalgo Don Quijote de la Mancha